00580nam a2200133Ia 4500008004100000100001500041245017400056245001500230260000900245650001300254856008700267999001900354952007300373170221s9999 xx 000 0 und d aRoss Coker aNote: A Series of (Inseparable) Tubes? “New Media” Streaming and the Impact of In re. Pandora Media, Related Decisions, and Performance Licensing in the Internet Era cRoss Coker c2013 xBusiness uhttp://digitalcommons.pepperdine.edu/cgi/viewcontent.cgi?article=1132&context=jbel c309656d309656 001040aCLbCLd2017-02-21l0r2017-02-21 00:00:00w2017-02-21yFOJ